Электрохимия полимеров

Chi tiết về thư mục
Tác giả của công ty: Академия наук СССР (АН СССР) Институт электрохимии им. А. Н. Фрумкина (ИЭЛ)
Tác giả khác: Хрущева Е. И. (редактор), Тарасевич М. Р.
Tóm tắt:Авт. указаны на обороте тит. л.
Ngôn ngữ:Tiếng Nga
Được phát hành: Москва, Наука, 1990
Loạt:Электрохимия
Những chủ đề:
Định dạng: Sách
KOHA link:https://koha.lib.tpu.ru/cgi-bin/koha/opac-detail.pl?biblionumber=188675

MARC

LEADER 00000nam0a2200000 4500
001 188675
005 20231031175035.0
010 |a 5020014524 
020 |a RU  |b 90-43314 
035 |a (RuTPU)RU\TPU\book\204925 
090 |a 188675 
100 |a 20101211d1990 km y0rusy5003 ca 
101 0 |a rus 
102 |a RU 
105 |a a z 001zy 
200 1 |a Электрохимия полимеров  |f Академия наук СССР (АН СССР), Институт электрохимии им. А. Н. Фрумкина (ИЭЛ) ; под ред. Е. И. Хрущевой М. Р. Тарасевича 
210 |a Москва  |c Наука  |d 1990 
215 |a 236,[1] с.  |c ил.  |d 22 см 
225 1 |a Электрохимия 
300 |a Авт. указаны на обороте тит. л. 
320 |a Библиогр.: с. 232-234 (83 назв.). 
610 1 |a полимеры 
610 1 |a электрохимия 
610 1 |a ионные проводники 
610 1 |a твердые электролиты 
610 1 |a биополимеры 
610 1 |a пирополимеры 
675 |a 678  |z rus 
686 |a 31.25  |2 rugasnti 
702 1 |a Хрущева  |b Е. И.  |4 340 
702 1 |a Тарасевич  |b М. Р.  |4 340 
712 0 2 |a Академия наук СССР (АН СССР)  |b Институт электрохимии им. А. Н. Фрумкина (ИЭЛ)  |c (Москва)  |2 stltpush  |3 (RuTPU)RU\TPU\col\327 
801 0 |a RU  |b RuMRKP  |c 19960705  |g psbo 
801 1 |a RU  |b 63413507  |c 20101211 
801 2 |a RU  |b 63413507  |c 20131112  |g RCR 
942 |c BK